000 00469cam a22001574a 4500
005 20250605164344.0
008 250528s ||||||||||||||||||||||||d
035 _a23794
040 _aGR-AtMCL
_bgre
_dGR-AtMCL
_eAACR2
245 1 _aAlienating Complexes within the Family/Parental Alienation and the Negative Impact on Adults that Endured it During Their Childhood
260 _c2013
700 1 _aKats
_99324
942 _cDS
999 _c8729
_d8729